000 00277nam a2200097Ia 4500
999 _c12493
_d12493
100 _aشیخ ایاز
245 0 _aرسالہ شاہ عبداللطیف بھٹائی رح
260 _aکراچی
_bسندھیکا اکیڈمی
_c٢٠٠٥
300 _a٦٦٣ صفحات
942 _cBK